Królowie strzelców TOP 5 Lig od 2015 - Statystyki

Ogólne statystyki
  • Ten quiz został rozwiązany 123 razy
  • Średni wynik to 43 z 55
Statystyki odpowiedzi
Liga Sezon Piłkarz % Poprawnych
LaLiga 2024/2025 Kylian Mbappe
99%
Ligue 1 2023/2024 Kylian Mbappe
99%
Ligue 1 2022/2023 Kylian Mbappe
99%
Ligue 1 2021/2022 Kylian Mbappe
99%
Ligue 1 2020/2021 Kylian Mbappe
99%
Ligue 1 2018/2019 Kylian Mbappe
99%
Ligue 1 2019/2020 Kylian Mbappe | Wissam Ben Yedder
99%
LaLiga 2022/2023 Robert Lewandowski
99%
Bundesliga 2021/2022 Robert Lewandowski
99%
Bundesliga 2020/2021 Robert Lewandowski
99%
Bundesliga 2019/2020 Robert Lewandowski
99%
Bundesliga 2018/2019 Robert Lewandowski
99%
Bundesliga 2017/2018 Robert Lewandowski
99%
Bundesliga 2015/2016 Robert Lewandowski
99%
LaLiga 2020/2021 Lionel Messi
98%
LaLiga 2019/2020 Lionel Messi
98%
LaLiga 2018/2019 Lionel Messi
98%
LaLiga 2017/2018 Lionel Messi
98%
LaLiga 2016/2017 Lionel Messi
98%
LaLiga 2014/2015 Cristiano Ronaldo
97%
Serie A 2020/2021 Cristiano Ronaldo
97%
Premier League 2020/2021 Harry Kane
97%
Premier League 2016/2017 Harry Kane
97%
Premier League 2015/2016 Harry Kane
97%
Bundesliga 2024/2025 Harry Kane
97%
Bundesliga 2023/2024 Harry Kane
97%
Premier League 2023/2024 Erling Haaland
94%
Premier League 2022/2023 Erling Haaland
94%
Premier League 2024/2025 Mohamed Salah
88%
Premier League 2021/2022 Mohamed Salah
88%
Premier League 2018/2019 Mohamed Salah
88%
Premier League 2017/2018 Mohamed Salah
88%
LaLiga 2015/2016 Luis Suarez
85%
LaLiga 2021/2022 Karim Benzema
82%
Serie A 2023/2024 Lautaro Martinez
77%
Ligue 1 2015/2016 Zlatan Ibrahimovic
74%
Ligue 1 2024/2025 Ousmane Dembele
64%
Premier League 2014/2015 Sergio Aguero
64%
Serie A 2021/2022 Ciro Immobile
62%
Serie A 2019/2020 Ciro Immobile
62%
Serie A 2017/2018 Ciro Immobile
62%
Ligue 1 2017/2018 Edinson Cavani
61%
Ligue 1 2016/2017 Edinson Cavani
61%
Bundesliga 2016/2017 Pierre-Emerick Aubameyang
56%
LaLiga 2023/2024 Artem Dovbyk
55%
Premier League 2019/2020 Jamie Vardy
53%
Serie A 2015/2016 Gonzalo Higuain
46%
Serie A 2014/2015 Mauro Icardi | Luca Toni
38%
Serie A 2022/2023 Victor Osimhen
38%
Serie A 2016/2017 Edin Dzeko
31%
Serie A 2024/2025 Mateo Retegui
27%
Bundesliga 2022/2023 Niclas Fullkrug
27%
Ligue 1 2014/2015 Alexandre Lacazette
26%
Serie A 2018/2019 Fabio Quagliarella
25%
Bundesliga 2014/2015 Alexander Meier
7%
Nie znaleziono quizów pasujących do podanych kryteriów
Rozkład punktacji
Procent ludzi z każdym wynikiem
Percentyl według liczby udzielonych odpowiedzi
Twoja historia wyników
Nie rozwiązałeś tego quizu